000 01141nam a2200349Ia 4500
001 Z_6301
003 CHAP
008 220113s1994 xx 000 0 und d
010 _a169538
020 _a968-29-4730-8
040 _cCHAP
082 _a636.508 J47
100 _aJerez Salas, Martha Patricia
_961383
245 _aLa gallina criolla en los valles centrales de Oaxaca /
_cMartha Patricia Jerez Salas, José Herrera Haro y Marco Antonio Vázquez Dávila
260 _aMéxico :
_bInatituto Tecnológico Agropecuario de Oaxaca No.1; Centro de Investigacion y Graduados,
_c1994
300 _a89 p.
440 _aColección: Reporte de investigación; n.1
_9144411
503 _aej.1 - ej.2: s/n
504 _aBibliografía: p. 85 - 98
650 _aAves de corral
_98636
650 _aAves de corral
_xManejo
_9141356
650 _aAvicultura
_xCrianza
_9131092
650 _aGallinas
_944441
700 _a Vázquez Dávila, Marco Antonio, coaut.
_9144412
700 _aHerrera Haro, José, coaut.
_9144413
901 _a636.508 J47
902 _aM
910 _a1994
942 _c1
942 _cc1
999 _c169538
_d169538